[Event "Moscow CCL Winter"]
[Site "Moscow"]
[Date "2024.03.12"]
[Round "7"]
[White "Rostovtsev, Dmitry"]
[Black "Vorotnikov, Vladislav V"]
[Result "1-0"]
[WhiteElo "2252"]
[BlackElo "2325"]
[PlyCount "122"]
[EventDate "2024.03.08"]
[EventType "tourn"]
[EventRounds "9"]
[EventCountry "RUS"]
[EventCategory "1"]
[SourceTitle "CB13_2024"]
[SourceDate "2024.03.27"]
[SourceVersion "1"]
[SourceVersionDate "2024.03.27"]
[SourceQuality "1"]

1. e4 d6 2. d4 Nf6 3. Nc3 e5 4. Nf3 exd4 5. Nxd4 g6 6. Be3 Ng4 7. Bf4 Bg7 8. Qd2 Nc6 9. Nxc6 bxc6 10. h3 Ne5 11. Bg5 Bf6 12. Bxf6 Qxf6 13. 0-0-0 g5 14. g3 Rb8 15. Qe3 Qf3 16. Qxa7 Rb7 17. Qa8 0-0 18. Rh2 Rb6 19. Be2 Qf6 20. Qa4 Ba6 21. Bxa6 Ra8 22. Qd4 Rbxa6 23. f4 gxf4 24. gxf4 Qxf4+ 25. Qd2 Qxd2+ 26. Rhxd2 Kf8 27. Rg2 Ng6 28. Rf1 Ke7 29. Rg5 Ra5 30. Rgf5 Ne5 31. b3 Rg8 32. Kb2 Rg3 33. h4 Rh3 34. h5 Ra8 35. Rg1 h6 36. Rg2 Rb8 37. Nd1 c5 38. Nf2 Re3 39. Kc1 Re1+ 40. Kd2 Ra1 41. Nd3 Nxd3 42. Kxd3 Rxa2 43. Rg7 Rf8 44. Rh7 Ra1 45. Rxh6 Rh1 46. e5 Rh3+ 47. Kc4 Rh4+ 48. Kd5 Rd4+ 49. Kc6 c4 50. Kxc7 d5 51. b4 c3 52. b5 Rb4 53. b6 d4 54. b7 Rd8 55. Rd6 Rc4+ 56. Kb6 Rb4+ 57. Kc5 Rxb7 58. Rxd8 Kxd8 59. Kxd4 Rb4+ 60. Kxc3 Rh4 61. Rxf7 Ke8 1-0

[Event "Moscow CCL Winter"]
[Site "Moscow"]
[Date "2024.03.11"]
[Round "6"]
[White "Vorotnikov, Vladislav V"]
[Black "Korelskiy, Egor"]
[Result "1/2-1/2"]
[WhiteElo "2325"]
[BlackElo "2187"]
[PlyCount "48"]
[EventDate "2024.03.08"]
[EventType "tourn"]
[EventRounds "9"]
[EventCountry "RUS"]
[EventCategory "1"]
[SourceTitle "CB13_2024"]
[SourceDate "2024.03.27"]
[SourceVersion "1"]
[SourceVersionDate "2024.03.27"]
[SourceQuality "1"]

1. e4 c5 2. c3 d5 3. exd5 Qxd5 4. d4 Nf6 5. Nf3 e6 6. Be3 Nc6 7. c4 Qd8 8. Nc3 cxd4 9. Nxd4 Nxd4 10. Qxd4 Qa5 11. Be2 e5 12. Qh4 Be7 13. 0-0 Nd5 14. Bg5 Bxg5 15. Qxg5 Nxc3 16. bxc3 0-0 17. Qe3 Be6 18. Rfb1 Qc7 19. Bf3 Rab8 20. Qxa7 Qc6 21. Qe3 Qxc4 22. Rb3 Bd5 23. Rb4 Qc6 24. Rb6 Be6 1/2-1/2

[Event "Moscow CCL Winter"]
[Site "Moscow"]
[Date "2024.03.10"]
[Round "5"]
[White "Manvelyan, Mikayel"]
[Black "Vorotnikov, Vladislav V"]
[Result "1-0"]
[WhiteElo "2174"]
[BlackElo "2325"]
[PlyCount "47"]
[EventDate "2024.03.08"]
[EventType "tourn"]
[EventRounds "9"]
[EventCountry "RUS"]
[EventCategory "1"]
[SourceTitle "CB13_2024"]
[SourceDate "2024.03.27"]
[SourceVersion "1"]
[SourceVersionDate "2024.03.27"]
[SourceQuality "1"]

1. e4 e5 2. Nf3 d6 3. d4 exd4 4. Nxd4 Nf6 5. Nc3 g6 6. g3 Bg4 7. f3 Bd7 8. Be3 Bg7 9. Qd2 Nc6 10. 0-0-0 0-0 11. h4 Ne5 12. Be2 Re8 13. Bh6 Bh8 14. Bg5 a6 15. h5 c5 16. Nb3 c4 17. hxg6 fxg6 18. f4 cxb3 19. fxe5 bxa2 20. Bc4+ Be6 21. Bxa2 Bxa2 22. Bxf6 Bxf6 23. exf6 Bf7 24. Rdf1 1-0

[Event "Moscow Aeroflot op-A"]
[Site "Moscow"]
[Date "2024.03.04"]
[Round "4"]
[White "Belyakov, Bogdan"]
[Black "Vorotnikov, Vladislav V"]
[Result "1-0"]
[WhiteElo "2414"]
[BlackElo "2325"]
[PlyCount "58"]
[EventDate "2024.03.03"]
[EventType "swiss"]
[EventRounds "9"]
[EventCountry "RUS"]
[SourceTitle "CB11_2024"]
[SourceDate "2024.03.13"]
[SourceVersion "1"]
[SourceVersionDate "2024.03.13"]
[SourceQuality "1"]

1. e4 e5 2. Nf3 Nc6 3. Nc3 g6 4. d4 exd4 5. Nxd4 Bg7 6. Be3 Nf6 7. Nxc6 bxc6 8. e5 Ng8 9. f4 d6 10. Qf3 Ne7 11. 0-0-0 Be6 12. Bd4 d5 13. Bd3 h5 14. Qf2 Qb8 15. Bc5 Nf5 16. Ne2 Bf8 17. Bxf8 Rxf8 18. Bxf5 Bxf5 19. Nd4 Qb6 20. Rhe1 Be4 21. Re3 c5 22. Ne2 c4 23. Nc3 0-0-0 24. Re2 f5 25. exf6 Qxf6 26. Qxa7 Qxf4+ 27. Kb1 Rd6 28. Nb5 Rb6 29. Rxe4 dxe4 1-0

[Event "Moscow Aeroflot op-A"]
[Site "Moscow"]
[Date "2024.03.04"]
[Round "3"]
[White "Vorotnikov, Vladislav V"]
[Black "Korobkov, Piotr"]
[Result "1-0"]
[WhiteElo "2325"]
[BlackElo "2393"]
[PlyCount "35"]
[EventDate "2024.03.03"]
[EventType "swiss"]
[EventRounds "9"]
[EventCountry "RUS"]
[SourceTitle "CB11_2024"]
[SourceDate "2024.03.13"]
[SourceVersion "1"]
[SourceVersionDate "2024.03.13"]
[SourceQuality "1"]

1. e4 c5 2. c3 Nf6 3. e5 Nd5 4. d4 cxd4 5. Qxd4 e6 6. Nf3 Nc6 7. Qe4 d6 8. c4 Nb6 9. exd6 Bxd6 10. Nc3 e5 11. Be3 f5 12. Qc2 e4 13. c5 Bxc5 14. Bxc5 exf3 15. gxf3 Be6 16. Nb5 Nc8 17. Bc4 Kf7 18. Bf1 1-0

[Event "St Petersburg Korchnoi Memorial op"]
[Site "St Petersburg"]
[Date "2018.08.16"]
[Round "2"]
[White "Vorotnikov, Vladislav V"]
[Black "Ufimtsev, Egor"]
[Result "1/2-1/2"]
[WhiteElo "2445"]
[BlackElo "2145"]
[PlyCount "46"]
[EventDate "2018.08.15"]
[EventType "swiss"]
[EventRounds "9"]
[EventCountry "RUS"]
[SourceTitle "CBM 186 Extra"]
[Source "ChessBase"]
[SourceDate "2018.08.24"]
[SourceVersion "1"]
[SourceVersionDate "2018.08.24"]
[SourceQuality "1"]

1. e4 c5 2. Nf3 e6 3. b3 b6 4. Bb2 Bb7 5. d3 Nc6 6. g3 Nf6 7. Bg2 d5 8. Nbd2 dxe4 9. Nxe4 Nxe4 10. dxe4 Qxd1+ 11. Rxd1 Nb4 12. c3 Na6 13. Ne5 Be7 14. f3 f6 15. Nc4 Kf7 16. Nd6+ Bxd6 17. Rxd6 Rhd8 18. Rxd8 Rxd8 19. Bf1 Nb8 20. Be2 Na6 21. Bf1 Nb8 22. Be2 Na6 23. Bf1 Nb8 1/2-1/2

[Event "EU-ch Seniors 65 18th"]
[Site "Drammen"]
[Date "2018.08.10"]
[Round "7"]
[White "Vorotnikov, Vladislav V"]
[Black "Stebbings, Anthony"]
[Result "1/2-1/2"]
[WhiteElo "2445"]
[BlackElo "2265"]
[PlyCount "84"]
[EventDate "2018.08.04"]
[EventType "swiss"]
[EventRounds "9"]
[EventCountry "NOR"]
[SourceTitle "CBM 186 Extra"]
[Source "ChessBase"]
[SourceDate "2018.08.24"]
[SourceVersion "1"]
[SourceVersionDate "2018.08.24"]
[SourceQuality "1"]

1. e4 c5 2. Nf3 e6 3. c3 Nf6 4. e5 Nd5 5. g3 d6 6. exd6 Bxd6 7. d4 0-0 8. Bg2 Nc6 9. 0-0 cxd4 10. Nxd4 Nxd4 11. Qxd4 Qc7 12. Nd2 Rd8 13. Nc4 Be7 14. Ne3 Nxe3 15. Qxe3 Bd7 16. Qe2 Bc6 17. Qc4 Rac8 18. Be3 Bxg2 19. Qxc7 Rxc7 20. Kxg2 b6 21. Rfd1 Rcd7 22. Rxd7 Rxd7 23. a4 Bc5 24. Kf3 Kf8 25. b4 Bxe3 26. Kxe3 Ke7 27. c4 Kd8 28. a5 Kc7 29. axb6+ Kxb6 30. f4 f6 31. h4 e5 32. fxe5 fxe5 33. Ra5 Rd4 34. Rb5+ Kc6 35. Ra5 Kb6 36. c5+ Kb7 37. c6+ Kxc6 38. Rxa7 Rg4 39. Kf3 h5 40. b5+ Kxb5 41. Re7 Kc6 42. Rxe5 g6 1/2-1/2

[Event "EU-ch Seniors 65 18th"]
[Site "Drammen"]
[Date "2018.08.08"]
[Round "5"]
[White "Barle, Janez"]
[Black "Vorotnikov, Vladislav V"]
[Result "1/2-1/2"]
[WhiteElo "2249"]
[BlackElo "2445"]
[PlyCount "26"]
[EventDate "2018.08.04"]
[EventType "swiss"]
[EventRounds "9"]
[EventCountry "NOR"]
[SourceTitle "CBM 186 Extra"]
[Source "ChessBase"]
[SourceDate "2018.08.24"]
[SourceVersion "1"]
[SourceVersionDate "2018.08.24"]
[SourceQuality "1"]

1. e4 e5 2. Nf3 d6 3. d4 exd4 4. Nxd4 Nf6 5. Nc3 g6 6. g3 Bg7 7. Bg2 0-0 8. 0-0 Re8 9. Re1 Bg4 10. f3 Bd7 11. Be3 Nc6 12. Qd2 a6 13. Rad1 b5 1/2-1/2

[Event "RUS-chT Seniors"]
[Site "Sochi"]
[Date "2018.05.09"]
[Round "9.2"]
[White "Vorotnikov, Vladislav V"]
[Black "Rashkovsky, Nukhim N"]
[Result "1/2-1/2"]
[WhiteElo "2449"]
[BlackElo "2486"]
[PlyCount "33"]
[EventDate "2018.05.01"]
[EventType "team-tourn"]
[EventRounds "10"]
[EventCountry "RUS"]
[SourceTitle "EXT 2019"]
[Source "ChessBase"]
[SourceDate "2018.10.10"]
[SourceVersion "1"]
[SourceVersionDate "2018.10.10"]
[SourceQuality "1"]
[WhiteTeam "Moscow ShSM"]
[BlackTeam "Sima Lend"]
[WhiteTeamCountry "RUS"]
[BlackTeamCountry "RUS"]

1. e4 e5 2. Nc3 Nf6 3. f4 d5 4. fxe5 Nxe4 5. Qf3 Nxc3 6. bxc3 Be7 7. d4 0-0 8. Bd3 f6 9. Qh5 g6 10. Bxg6 hxg6 11. Qxg6+ Kh8 12. Qh6+ Kg8 13. Qg6+ Kh8 14. Qh6+ Kg8 15. Qg6+ Kh8 16. Qh6+ Kg8 17. Qg6+ 1/2-1/2

[Event "Moscow Aeroflot op-B 17th"]
[Site "Moscow"]
[Date "2018.02.28"]
[Round "9"]
[White "Demianjuk, Alexander"]
[Black "Vorotnikov, Vladislav V"]
[Result "1-0"]
[WhiteElo "2333"]
[BlackElo "2472"]
[PlyCount "59"]
[EventDate "2018.02.20"]
[EventType "swiss"]
[EventRounds "9"]
[EventCountry "RUS"]
[SourceTitle "CBM 183 Extra"]
[Source "ChessBase"]
[SourceDate "2018.04.19"]
[SourceVersion "1"]
[SourceVersionDate "2018.04.19"]
[SourceQuality "1"]

1. d4 Nf6 2. c4 d6 3. Nf3 Bg4 4. Nc3 c6 5. e4 e5 6. Be2 Nbd7 7. 0-0 Be7 8. Be3 Bh5 9. d5 Bg6 10. Nd2 h5 11. g3 h4 12. g4 Nh7 13. dxc6 bxc6 14. b4 Ng5 15. b5 c5 16. Bxg5 Bxg5 17. Nf3 Be7 18. h3 Nf8 19. Bd3 Ne6 20. Nd5 0-0 21. a4 Nf4 22. Nxf4 exf4 23. a5 Bf6 24. Ra3 Re8 25. Re1 Bb2 26. Rb3 Qf6 27. g5 Qe6 28. Rxb2 Qxh3 29. Nh2 Re5 30. Qf3 1-0

[Event "Moscow Aeroflot op-B 17th"]
[Site "Moscow"]
[Date "2018.02.21"]
[Round "2"]
[White "Vorotnikov, Vladislav V"]
[Black "Wagner, Dinara"]
[Result "1/2-1/2"]
[WhiteElo "2472"]
[BlackElo "2294"]
[PlyCount "94"]
[EventDate "2018.02.20"]
[EventType "swiss"]
[EventRounds "9"]
[EventCountry "RUS"]
[SourceTitle "CBM 183 Extra"]
[Source "ChessBase"]
[SourceDate "2018.04.19"]
[SourceVersion "1"]
[SourceVersionDate "2018.04.19"]
[SourceQuality "1"]

1. d4 Nf6 2. Nf3 d5 3. c3 c5 4. Bf4 Qb6 5. Qb3 Qxb3 6. axb3 cxd4 7. Nxd4 Nc6 8. Nxc6 bxc6 9. b4 Nd7 10. Be3 a6 11. Nd2 e5 12. g3 Bb7 13. Bg2 d4 14. cxd4 Bxb4 15. dxe5 Nxe5 16. 0-0 0-0 17. Rfc1 a5 18. Nc4 Nxc4 19. Rxc4 Ba6 20. Rc2 Rac8 21. Rac1 Rfd8 22. Bxc6 h6 23. Bf3 Rxc2 24. Rxc2 Rc8 25. Rxc8+ Bxc8 26. Bc6 Be6 27. Bb5 Bb3 28. Kf1 a4 29. Bc1 Kf8 30. e4 Bd1 31. f4 f6 32. Kf2 Ke7 33. Be3 a3 34. bxa3 Bxa3 35. h4 Kd6 36. Be2 Bb3 37. Bd4 Bc5 38. Ke3 Bxd4+ 39. Kxd4 Bc2 40. e5+ fxe5+ 41. fxe5+ Ke7 42. Bd3 Ba4 43. Ke4 Bd7 44. Kf4 Bc8 45. g4 Bd7 46. g5 Bc8 47. Bf5 Ba6 1/2-1/2

[Event "Moscow Aeroflot op-B 17th"]
[Site "Moscow"]
[Date "2018.02.20"]
[Round "1"]
[White "Padmini, Rout"]
[Black "Vorotnikov, Vladislav V"]
[Result "1-0"]
[WhiteElo "2325"]
[BlackElo "2472"]
[PlyCount "79"]
[EventDate "2018.02.20"]
[EventType "swiss"]
[EventRounds "9"]
[EventCountry "RUS"]
[SourceTitle "CBM 183 Extra"]
[Source "ChessBase"]
[SourceDate "2018.04.19"]
[SourceVersion "1"]
[SourceVersionDate "2018.04.19"]
[SourceQuality "1"]

1. e4 e5 2. Nf3 d6 3. d4 exd4 4. Nxd4 Nf6 5. Nc3 g6 6. Be3 Ng4 7. Bf4 Bg7 8. Qd2 Nc6 9. Nxc6 bxc6 10. f3 Ne5 11. Bg5 Qd7 12. Bh6 Bf6 13. 0-0-0 Qe7 14. Be2 Be6 15. f4 Nd7 16. g4 Nb6 17. g5 Bxc3 18. Qxc3 Kd7 19. Rhe1 Rhb8 20. b3 d5 21. Qa5 Qd6 22. Rf1 d4 23. Bg7 c5 24. Be5 Qe7 25. Bb5+ c6 26. Bxb8 cxb5 27. Qxb5+ Kc8 28. Be5 Kb7 29. Qa5 Rc8 30. Bf6 Qc7 31. Kb1 c4 32. Bxd4 cxb3 33. cxb3 Qc2+ 34. Ka1 Qxe4 35. Qe1 Qf5 36. Rc1 Rd8 37. Be5 Rd7 38. Rf2 Qd3 39. Rfc2 Nd5 40. Qa5 1-0

[Event "Moscow-ch rapid"]
[Site "Moscow"]
[Date "2016.09.18"]
[Round "8"]
[White "Vorotnikov, Vladislav V"]
[Black "Gurvich, Vitaly"]
[Result "0-1"]
[WhiteElo "2476"]
[BlackElo "2340"]
[PlyCount "50"]
[EventDate "2016.09.17"]
[EventType "swiss (rapid)"]
[EventRounds "9"]
[EventCountry "RUS"]
[SourceTitle "CBM 174 Extra"]
[Source "ChessBase"]
[SourceDate "2016.10.10"]
[SourceVersion "1"]
[SourceVersionDate "2016.10.10"]
[SourceQuality "1"]

1. e4 c5 2. c3 Nf6 3. e5 Nd5 4. d4 cxd4 5. cxd4 Nc6 6. Nc3 Nxc3 7. bxc3 g6 8. f4 d5 9. Bd3 Bg7 10. Nf3 0-0 11. 0-0 Qc7 12. f5 Bxf5 13. Bxf5 gxf5 14. Qd3 e6 15. g4 Ne7 16. Ba3 fxg4 17. Ng5 Ng6 18. Bxf8 Rxf8 19. Rf2 Qe7 20. h4 h6 21. Nxf7 Nxh4 22. Nd6 Nf3+ 23. Rxf3 Rxf3 24. Qg6 Qh4 25. Qxe6+ Kh7 0-1

[Event "Moscow-ch rapid"]
[Site "Moscow"]
[Date "2016.09.17"]
[Round "4"]
[White "Gorbatov, Alexej"]
[Black "Vorotnikov, Vladislav V"]
[Result "1/2-1/2"]
[WhiteElo "2374"]
[BlackElo "2476"]
[PlyCount "70"]
[EventDate "2016.09.17"]
[EventType "swiss (rapid)"]
[EventRounds "9"]
[EventCountry "RUS"]
[SourceTitle "CBM 174 Extra"]
[Source "ChessBase"]
[SourceDate "2016.10.10"]
[SourceVersion "1"]
[SourceVersionDate "2016.10.10"]
[SourceQuality "1"]

1. d4 Nf6 2. g3 d6 3. Bg2 c6 4. Nc3 e5 5. dxe5 dxe5 6. Qxd8+ Kxd8 7. f4 exf4 8. Bxf4 Be6 9. 0-0-0+ Nbd7 10. Nf3 Bb4 11. Rd3 Bxc3 12. bxc3 Nd5 13. Bd6 Bf5 14. c4 Bxd3 15. exd3 Ne3 16. Bh3 f5 17. Ng5 Nf6 18. Nf7+ Kd7 19. Nxh8 Kxd6 20. Nf7+ Ke7 21. Nh6 gxh6 22. Re1 Nfg4 23. Bxg4 fxg4 24. Rxe3+ Kf6 25. d4 h5 26. Re5 Kg6 27. Kd2 Rf8 28. d5 Rf2+ 29. Re2 Rxe2+ 30. Kxe2 Kf5 31. d6 Ke6 32. c5 b6 33. Ke3 bxc5 34. c4 Kxd6 35. Ke4 Ke6 1/2-1/2

[Event "Moscow-ch rapid"]
[Site "Moscow"]
[Date "2016.09.17"]
[Round "5"]
[White "Vorotnikov, Vladislav V"]
[Black "Oguzov, Shamil"]
[Result "1-0"]
[WhiteElo "2476"]
[BlackElo "2258"]
[PlyCount "71"]
[EventDate "2016.09.17"]
[EventType "swiss (rapid)"]
[EventRounds "9"]
[EventCountry "RUS"]
[SourceTitle "CBM 174 Extra"]
[Source "ChessBase"]
[SourceDate "2016.10.10"]
[SourceVersion "1"]
[SourceVersionDate "2016.10.10"]
[SourceQuality "1"]

1. e4 c5 2. c3 Nf6 3. e5 Nd5 4. d4 cxd4 5. cxd4 d6 6. Bc4 Nb6 7. Bb5+ Bd7 8. e6 fxe6 9. Bd3 g6 10. h4 Nc6 11. h5 Qc7 12. hxg6 0-0-0 13. Nf3 Bg7 14. Rxh7 e5 15. Nc3 Nxd4 16. Nxd4 exd4 17. Nb5 Qc5 18. b4 Qd5 19. Qc2+ Kb8 20. Qc7+ Ka8 21. Qxd8+ Rxd8 22. Nc7+ Kb8 23. Nxd5 Nxd5 24. Rxg7 Nxb4 25. Ke2 e5 26. Bg5 Nxd3 27. Bxd8 Nf4+ 28. Kd2 Bf5 29. Bc7+ Kc8 30. Bxd6 Nd3 31. g4 Nxf2 32. Rc1+ Kd8 33. Be7+ Ke8 34. gxf5 e4 35. Bg5 e3+ 36. Ke2 1-0

[Event "Moscow-ch rapid"]
[Site "Moscow"]
[Date "2016.09.17"]
[Round "1"]
[White "Vorotnikov, Vladislav V"]
[Black "Semenkov, Alexander"]
[Result "0-1"]
[WhiteElo "2476"]
[BlackElo "2123"]
[PlyCount "47"]
[EventDate "2016.09.17"]
[EventType "swiss (rapid)"]
[EventRounds "9"]
[EventCountry "RUS"]
[SourceTitle "CBM 174 Extra"]
[Source "ChessBase"]
[SourceDate "2016.10.10"]
[SourceVersion "1"]
[SourceVersionDate "2016.10.10"]
[SourceQuality "1"]

1. e4 d6 2. d4 Nf6 3. Nd2 g6 4. Ngf3 Bg7 5. Bc4 0-0 6. Bb3 c6 7. 0-0 Qc7 8. h3 e5 9. c3 b5 10. a4 Bb7 11. axb5 cxb5 12. Re1 Nbd7 13. Qe2 a6 14. d5 Nc5 15. Bc2 Bh6 16. Nf1 Bxc1 17. Rexc1 Nh5 18. b4 Nd7 19. g3 Qxc3 20. Qd2 Qxf3 21. Qe2 Qc3 22. Bd1 Qxb4 23. Rc7 Nc5 24. Bc2 0-1

[Event "Moscow op-A"]
[Site "Moscow"]
[Date "2016.01.30"]
[Round "1"]
[White "Elistratov, Semen"]
[Black "Vorotnikov, Vladislav V"]
[Result "1-0"]
[WhiteElo "2277"]
[BlackElo "2484"]
[PlyCount "75"]
[EventDate "2016.01.30"]
[EventType "swiss"]
[EventRounds "9"]
[EventCountry "RUS"]
[SourceTitle "CBM 170 Extra"]
[Source "ChessBase"]
[SourceDate "2016.02.25"]
[SourceVersion "1"]
[SourceVersionDate "2016.02.25"]
[SourceQuality "1"]

1. e4 e5 2. Nf3 d6 3. d4 exd4 4. Nxd4 Nf6 5. Nc3 g6 6. Be3 Bg7 7. Qd2 0-0 8. 0-0-0 Nc6 9. f3 Nxd4 10. Bxd4 Be6 11. g4 c6 12. h4 b5 13. g5 Nh5 14. Bxg7 Nxg7 15. Qxd6 Qb6 16. Qd4 b4 17. Na4 Qa5 18. b3 Rad8 19. Qc5 Rxd1+ 20. Kxd1 Rd8+ 21. Kc1 Qc7 22. Be2 Qf4+ 23. Kb1 Nh5 24. Qxb4 Ng3 25. Rd1 Rf8 26. Qd2 Qxh4 27. Ba6 Nh5 28. Nc5 Nf4 29. Rg1 Nh3 30. Nxe6 fxe6 31. Bc4 Nxg1 32. Bxe6+ Rf7 33. Bxf7+ Kxf7 34. Qd7+ Kf8 35. Qd6+ Kf7 36. Qc7+ Ke6 37. Qxc6+ Kf7 38. Qd5+ 1-0

[Event "Liechtenstein op 31st"]
[Site "Triesen"]
[Date "2013.05.11"]
[Round "9"]
[White "Kessler, Luca"]
[Black "Vorotnikov, Vladislav V"]
[Result "1/2-1/2"]
[WhiteElo "2242"]
[BlackElo "2473"]
[PlyCount "46"]
[EventDate "2013.05.03"]
[EventType "swiss"]
[EventRounds "9"]
[EventCountry "LIE"]
[SourceTitle "CBM 154 Extra"]
[Source "ChessBase"]
[SourceDate "2013.06.25"]
[SourceVersion "2"]
[SourceVersionDate "2013.06.25"]
[SourceQuality "1"]

1. d4 d5 2. Nf3 Nf6 3. c4 c6 4. e3 a6 5. Bd3 g6 6. 0-0 Bg7 7. Nc3 0-0 8. Qb3 e6 9. Qc2 Nbd7 10. b3 Re8 11. Bb2 b5 12. cxb5 cxb5 13. a4 b4 14. Na2 Bf8 15. Rac1 a5 16. Qc7 Ba6 17. Bxa6 Rxa6 18. Qxd8 Rxd8 19. Rc2 Ne4 20. Rfc1 Raa8 21. Rc6 Nb8 22. Rc8 Rxc8 23. Rxc8 Nd6 1/2-1/2

[Event "Liechtenstein op 31st"]
[Site "Triesen"]
[Date "2013.05.04"]
[Round "2"]
[White "Vorotnikov, Vladislav V"]
[Black "Schaefer, Michael"]
[Result "1/2-1/2"]
[WhiteElo "2473"]
[BlackElo "2169"]
[PlyCount "29"]
[EventDate "2013.05.03"]
[EventType "swiss"]
[EventRounds "9"]
[EventCountry "LIE"]
[SourceTitle "CBM 154 Extra"]
[Source "ChessBase"]
[SourceDate "2013.06.25"]
[SourceVersion "2"]
[SourceVersionDate "2013.06.25"]
[SourceQuality "1"]

1. d4 Nf6 2. Nf3 d5 3. e3 g6 4. Nbd2 Bg7 5. b4 0-0 6. Bb2 b6 7. b5 c5 8. c4 Nbd7 9. Be2 Bb7 10. 0-0 e6 11. a4 a5 12. dxc5 Nxc5 13. Nb3 Nfe4 14. Nbd4 Re8 15. Rc1 1/2-1/2

[Event "Basel Hilton op 15th"]
[Site "Basel"]
[Date "2013.01.05"]
[Round "7"]
[White "Schmidt Schaeffer, Sebastian"]
[Black "Vorotnikov, Vladislav V"]
[Result "0-1"]
[WhiteElo "2356"]
[BlackElo "2464"]
[PlyCount "84"]
[EventDate "2013.01.01"]
[EventType "swiss"]
[EventRounds "7"]
[EventCountry "SUI"]
[SourceTitle "CBM 152 Extra"]
[Source "ChessBase"]
[SourceDate "2013.02.25"]
[SourceVersion "1"]
[SourceVersionDate "2013.02.25"]
[SourceQuality "1"]

1. f4 Nf6 2. Nf3 g6 3. e3 Bg7 4. Be2 d6 5. 0-0 0-0 6. d4 Nbd7 7. Nc3 e5 8. f5 Qe7 9. Qe1 e4 10. Nd2 d5 11. a4 c5 12. Qg3 Rd8 13. a5 Nf8 14. fxg6 hxg6 15. Nb3 c4 16. Nc5 Ne6 17. b4 Ne8 18. Ba3 b6 19. axb6 axb6 20. N5a4 Qb7 21. b5 Bh6 22. Bc1 N8g7 23. h4 Kh7 24. Qe5 Nf5 25. Rxf5 gxf5 26. Qxf5+ Kg8 27. Qh5 Bg7 28. Bd2 f5 29. Rf1 Nf8 30. Be1 Rd6 31. Kh1 Rh6 32. Qg5 Ne6 33. Qg3 f4 34. exf4 Nxd4 35. Bd1 Nf5 36. Qg5 Ne3 37. Be2 Nxf1 38. Bxf1 Be6 39. Bf2 Qf7 40. Be2 Kh7 41. Bg4 Bxg4 42. Qxg4 Rg8 0-1